Soldats français morts au combat - Statistiques

Statistiques générales
  • Ce quiz a été pris 15 fois
  • Le résultat moyen est 4 sur 20
Statistiques - réponses
Par images Réponse % Correct
Roland le Preux
77%
Charles Péguy
31%
Henri du Vergier, comte de La Rochejaquelein
31%
Jacques Cathelineau
31%
Lucien Petit-Breton
31%
Roland Garros
23%
Alain-Fournier
15%
Daniel Liénard de Beaujeu
15%
Ernest Psichari
15%
Léon de Montesquiou
15%
Louis-Joseph de Montcalm
15%
Octave Lapize
15%
Pierre Terrail de Bayard
15%
Simon IV (ou V) de Montfort
15%
David Magnan dit Lili des Bellons
8%
Jean Danjou
8%
Jacques Arthuys
0%
Jean-Pierre Calloc'h
0%
Joseph-Louis Guérin
0%
Raymond de Poitiers
0%
Aucun quiz correspondant
Distribution des résultats
% des personnes avec chaque résultat
Percentile par nombre de réponses
Votre historique - résultats
Vous n’avez pas pris ce quiz